00317nam a2200109Ia 4500008004100000020001800041082001400059100001700073245009000090260001400180500001300194260604s9999 xx 000 0 und d a9781032127668 a658.4 MOL aCor molenaar 0aDemand-Driven Business Strategy: Digital Transformation and Business Model Innovation bRoutledge aStrategy